Kolonia - quiz wielokrotnego wyboru - Statystyki

Ogólne statystyki
  • Ten quiz został rozwiązany 454 razy
  • Średni wynik to 7 z 10
Statystyki odpowiedzi
Zagadnienie Odpowiedź % Poprawnych
Jaka jest niemiecka nazwa dla Kolonii? Köln
95%
Czym jest Eau de Cologne? Perfumami
85%
Która z poniższych rzek przepływa przez Kolonię? Ren
85%
Ukończona w 1880 roku po sześciu stuleciach, Katedra Kolońska przez krótki czas była ... Najwyższym budynkiem na świecie
84%
Jakie miasto położone 30 km na północ od Kolonii jest także uważana za jej największego rywala? Düsseldorf
72%
Jakie zwierzę jest symbolem najlepszej drużyny piłkarskiej Kolonii? Kozioł
66%
W latach 1288–1796, Kolonia była ... Wolnym miastem w Świętym Cesarstwie Rzymskim
62%
Kto przed tym, jak został pierwszym kanclerzem Niemiec po II wojnie światowej był liderem Kolonii? Konrad Adenauer
58%
Kto założył Kolonię? Rzymianie
53%
Jak nazywa się największa parada podczas festiwalu w Kolonii? Rosenmontag
27%
Nie znaleziono quizów pasujących do podanych kryteriów
Rozkład punktacji
Procent ludzi z każdym wynikiem
Percentyl według liczby udzielonych odpowiedzi
Twoja historia wyników
Nie rozwiązałeś tego quizu